Criteria Countries (South America) Quiz Stats

 Plays Quiz Updated Aug 14, 2013

Support Sporcle.
Go Orange.
Score 0/10 Timer 05:00
1 Play Today
% Correct
???
100%
???
78.7%
???
57.8%
???
40.3%
???
32.7%
???
16.3%
???
13.3%
???
11%
???
9.6%
???
9.6%

You're not logged in!

Compare scores with friends on all Sporcle quizzes.
OR
Log In

From the Vault

National Lab States

by puckett86

There's a lot of science going on here.
Remove Ads.
Support Sporcle.
Get the best of Sporcle when you Go Orange. This ad-free experience offers more features, more stats, and more fun while also helping to support Sporcle. Thank you for becoming a member.

Show Comments

Extras

Top Quizzes Today


Score Distribution

Your Account Isn't Verified!

In order to create a playlist on Sporcle, you need to verify the email address you used during registration. Go to your Sporcle Settings to finish the process.

Report this User

Report this user for behavior that violates our Community Guidelines.

Details: